Moderní počítačová grafika /

Saved in:
Bibliographic Details
Main Authors: Žára, Jiří (Author), Beneš, Bedřich (Author), Sochor, Jiří (Author), Felkel, Petr (Author)
Format: Book
Language:Czech
Published: Brno : Computer Press, 2010
Edition:2. prepracované a rozšírené vydanie
Tags: Add Tag
No Tags, Be the first to tag this record!

MARC

LEADER 00000nam a22000003a 4500
001 0019461
003 SK-STU
005 20161206131502.7
007 ta
008 161206s ----xo-----e------000-0-----d
020 |a 80-251-0454-0 
040 |a STU  |b slo 
041 0 |a cze 
044 |a xr 
080 |a 681.327.11.06 
100 1 |a Žára, Jiří  |4 aut 
245 1 0 |a Moderní počítačová grafika /  |c aut. Jiří Žára, Bedřich Beneš, Jiří Sochor, Petr Felkel 
250 |a 2. prepracované a rozšírené vydanie 
260 |a Brno :  |b Computer Press,  |c 2010 
300 |a 608 s. 
700 1 |a Beneš, Bedřich  |4 aut 
700 1 |a Sochor, Jiří  |4 aut 
700 1 |a Felkel, Petr  |4 aut 
996 |b 284EK89771  |c E* 89771  |l EE34  |s P  |a 0  |w 0019461_0001